Zmeny zákona o dani z pridanej hodnoty v roku 2023 a 2024
Predmetom zmien zákona č. 222/2004 Z. z. o dani z pridanej hodnoty v znení neskorších predpisov od 1. 1. 2023 je úprava rôznych ustanovení, cieľom ktorých je zníženie administratívnej záťaže. Upúšťa sa od povinnosti registrovať sa za platiteľa dane pre zdaniteľné osoby, ktoré poskytujú výlučne finan...
Guardado en:
| Autor principal: | |
|---|---|
| Formato: | Capítulo de libro |
| Lenguaje: | eslovaco |
| Materias: | |
| Etiquetas: |
Sin Etiquetas, Sea el primero en etiquetar este registro!
|
MARC
| LEADER | 00000naa a2200000 4500 | ||
|---|---|---|---|
| 001 | 0289939 | ||
| 005 | 20240417075222.9 | ||
| 041 | 0 | |a slo | |
| 044 | |a SK | ||
| 245 | 1 | 0 | |a Zmeny zákona o dani z pridanej hodnoty v roku 2023 a 2024 |c Beáta Jarošová |
| 520 | |a Predmetom zmien zákona č. 222/2004 Z. z. o dani z pridanej hodnoty v znení neskorších predpisov od 1. 1. 2023 je úprava rôznych ustanovení, cieľom ktorých je zníženie administratívnej záťaže. Upúšťa sa od povinnosti registrovať sa za platiteľa dane pre zdaniteľné osoby, ktoré poskytujú výlučne finančné alebo poisťovacie služby alebo oslobodený prenájom nehnuteľnosti. Dochádza taktiež k zmene spôsobu stanovenia výšky opravy odpočítanej dane pri krádeži tovaru - uplatní sa zákonná fikcia posudzovania ako povinne odpisovaného majetku rovnomerne po dobu štyroch rokov, atď. | ||
| 610 | 2 | 0 | |a dane z hodnoty pridanej |
| 610 | 2 | 0 | |a zákony |
| 610 | 2 | 0 | |a legislatíva |
| 610 | 2 | 0 | |a novelizácia |
| 100 | 1 | |a Jarošová, Beáta | |